Pratique des industries mécaniques : revue pratique de l´industrial, du directeur d´usine et de l´ingenieur.

Uložené v:
Podrobná bibliografia
Nový názov:Materiaux et techniques
Médium: Časopis
Jazyk:French
Vydané: Paris : Dunod, 1923-1969.
Tagy: Pridať tag
Žiadne tagy, Buďte prvý kto otaguje tento záznam!

MARC

LEADER 00000nas a2200000 a 4500
001 000312921
003 SVKK
005 20190409075722.0
008 040914d19231969fr r|p||| |0 a0fre
040 |a KE001  |b slo  |e AACR2 
041 0 |a fre 
044 |a fr  |c FR 
210 0 |a Prat. ind. méc. 
222 3 |a La Pratique des industries mécaniques 
245 0 0 |a Pratique des industries mécaniques :  |b revue pratique de l´industrial, du directeur d´usine et de l´ingenieur. 
260 |a Paris :  |b Dunod,  |c 1923-1969. 
310 |a 1x mesačne 
362 0 |a 1923-1969 
785 0 0 |t Materiaux et techniques 
910 |a KE001  |b C.2373 
998 |a SE 
090 |g CASOS  |k Sklad Pribinova suterén  |a C.2373  |j 19563  |i 2720652451  |4 Silne poškodené  |s Vyradená 
090 |g CASOS  |k Sklad Pribinova suterén  |a C.2373  |j 39112  |i 2720652452  |4 Silne poškodené  |s Vyradená